| 000 | 00534nam a2200145Ia 4500 | ||
|---|---|---|---|
| 008 | 140724s9999 xx 000 0 und d | ||
| 050 |
_aQA 76.5 _b.B348 2012 |
||
| 100 | _aBaumgartner, Edson. | ||
| 245 |
_aComputer laboratory attendance monitoring system of Southville International School and Colleges / _cEdson Baumgartner. |
||
| 260 |
_aLas PiƱas, Philippines : _bSouthville International School and Colleges, _cc2012. |
||
| 300 |
_a36 p. : _bill. ; _c28 cm. |
||
| 521 | _aInformation Technology | ||
| 942 | _cTH | ||
| 999 |
_c228727 _d228727 |
||